000 00214 a2200097 4500
001 47639
100 _aIndustrialist
245 _aRubber goods
260 _aCalcutta
_bIndustry publisher
_c
090 _c30651
_d30651
942 _aNUST-CAE
_cM
_c22949
999 _c282712
_d282712